00838nam a2200241Ia 4500001000600000003000900006008004100015040001300056040001300069041001300082100002200095100002900117245004700146245001700193250001100210260001000221260003400231260004900265300005900314500017600373650001600549650003100565 9125IT-RoPAU130308s9999 xx 000 0 und d aIT-RoPAU cIT-RoPAU aFRANCESE aFrancois Frederic gCodice Aut. SPICS: 6466 aAnalyse semantique et la mise en mots (L') bLinguistique a1a ed. aPARIS bPresses Universitaires France c1980 [1° Ed.:1980 - Ed.Ling.Originale:1980] a"43 p. (prefazione: no ; testo: 43 [pagine: 189-231])" aAnalisi Semantica significazione e relazione Extra Linguistica intra Linguistica Funzioni Semantiche della Sintassi Manifestazione del Significato Lessicale nell'Enunciato aLINGUISTICA eCodice materia Spics: 3201